Statistics for MLB Umpires 2022

Click here to take the quiz!

General Stats

  • This quiz has been taken 9 times
  • The average score is 19 of 83

Answer Stats

Umpire% Correct
Angel Hernandez
88%
Adrian Johnson
50%
Jim Wolf
38%
Rob Drake
38%
Alfonso Marquez
25%
Andy Fletcher
25%
Ben May
25%
Bill Welke
25%
Brian Knight
25%
Brian O'Nora
25%
Bruce Dreckman
25%
CB Bucknor
25%
Chad Fairchild
25%
Chris Conroy
25%
Chris Guccione
25%
Chris Segal
25%
Cory Blaser
25%
Dan Bellino
25%
Dan Iassogna
25%
David Rackley
25%
D.J. Reyburn
25%
Doug Eddings
25%
Ed Hickox
25%
Gabe Morales
25%
Greg Gibson
25%
James Hoye
25%
Jansen Visconti
25%
Jeff Nelson
25%
Jeremie Rehak
25%
Jeremy Riggs
25%
Jerry Meals
25%
Jim Reynolds
25%
John Libka
25%
John Tumpane
25%
Jordan Baker
25%
Junior Valentine
25%
Lance Barksdale
25%
Lance Barrett
25%
Larry Vanover
25%
Laz Diaz
25%
Manny Gonzalez
25%
Mark Carlson
25%
Mark Ripperger
25%
Mark Wegner
25%
Marty Foster
25%
Marvin Hudson
25%
Mike Muchlinski
25%
Nick Mahrley
25%
Nic Lentz
25%
Pat Hoberg
25%
Paul Emmel
25%
Phil Cuzzi
25%
Ramon De Jesus
25%
Reid Gibbs
25%
Ryan Additon
25%
Ryan Blakney
25%
Scott Barry
25%
Sean Barber
25%
Ted Barrett
25%
Tripp Gibson
25%
Adam Beck
13%
Adam Hamari
13%
Alan Porter
13%
Brock Ballou
13%
Chad Whitson
13%
Charlie Ramos
13%
Clint Vondrak
13%
Dan Merzel
13%
Edwin Moscoso
13%
Erich Bacchus
13%
Hunter Wendelstedt
13%
John Bacon
13%
Jose Navas
13%
Malachi Moore
13%
Nate Tomlinson
13%
Quinn Wolcott
13%
Roberto Ortiz
13%
Ron Kulpa
13%
Stu Scheurwater
13%
Todd Tichenor
13%
Will Little
13%
Ryan Wills
0%
Shane Livensparger
0%

Score Distribution

Percentile by Number Answered

Percent of People with Each Score

Your Score History

You have not taken this quiz